| 000 | 00601nam a2200205Ia 4500 | ||
|---|---|---|---|
| 003 | GCL | ||
| 005 | 20240530095638.0 | ||
| 008 | 140319s9999 xx 000 0 ara d | ||
| 020 | _a9035629977 | ||
| 040 |
_aGCL / _cGCL |
||
| 082 | 0 | 4 |
_a338.4791025 _bق/م د |
| 245 | 1 | 0 | _aدليل مصر السياحى |
| 250 | _aالثانية | ||
| 260 |
_aالقاهرة : _bالمركز المصرى للاعلام ، _c1998 |
||
| 300 |
_a351 ص ؛ _c26 سم |
||
| 650 | 0 | 4 | _aالسياحة - مصر |
| 650 | 0 | 4 | _aالسياحة - ادلة |
| 650 | 0 | 4 | _aالسياحة - ادلة - مصر |
| 942 |
_2ddc _cBK |
||
| 999 |
_c9150 _d9150 |
||